General Knowledge #1 - Statistics

General Stats
  • This quiz has been taken 40 times
  • The average score is 8 of 14
Answer Stats
Hint Answer % Correct
How many events does the pentathlon consist of? Five
92%
What is the largest lake in Switzerland? Geneva
86%
Who invented dynamite? Alfred Nobel
84%
What island was Napoleon exiled to? Elba
84%
What is the longest above water mountain chain on Earth? Andes
70%
The ancient Carthaginian civilisation is nowadays in what country? Tunisia
70%
What is the main religion of Azerbaijan? Islam
68%
Who directed the film Platoon? Oliver Stone
51%
Abkhazia is a de facto state recognised by most nations as part of what country? Georgia
43%
Which city hosts the oldest university in the world? Bologna
41%
What is the softest mineral on Earth? Talc
32%
In what nation was the Cyrillic alphabet first used? Bulgaria
30%
Who wrote the novel in seven volumes In Search of Lost Time? Marcel Proust
30%
Which footballer has made the most all time appearances for Juventus? Alessandro Del Piero
14%
No matching quizzes found
Score Distribution
Percent of People with Each Score
Percentile by Number Answered
Your Score History
You have not taken this quiz